=LDR 00000nam 2200000 4500 =001 INLIS000000000013625 =005 20130612105004 =008 ***********************************Ind** =035 ##$$0010-061300000013625 =041 ##$$a Ind =082 ##$$a 39.37 =090 ##$$a 39.37, her m =100 ##$$a Herman, benny S =245 ##$$a Meghasilkan diskus variatif dengan kawrin silang, Benny Herman S =260 ##$$a 2002 $b Jakarta =300 ##$$a 96 hlm, Ilus, 23 cm =650 ##$$a Diskusi (ikan) =850 ##$$a NBPNMAT =990 ##$$a 93493/BPAP-NTB/2014 =990 ##$$a 0001/BPAP-NTB/20142015